| 000 | 01089nam a2200313 i 4500 | ||
|---|---|---|---|
| 001 | 8182 | ||
| 003 | KOSZ 005 | ||
| 005 | 20200630132817.0 | ||
| 008 | 080728s1962 pl a f 001 0 pol | ||
| 015 | _aPB 1962/5546 | ||
| 040 |
_aWA N _cKOSZ 005/RW _dKOSZ 005/RW _dKOSZ 005/HR |
||
| 041 | 1 |
_apol _heng |
|
| 046 | _k1962 | ||
| 080 | _a538.9 | ||
| 100 | 1 |
_aWannier, Gregory H. _eAutor |
|
| 245 | 1 | 0 |
_aPodstawy teorii ciała stałego / _cG. H. Wannier ; [tł. z ang. Janusz Morkowski]. |
| 246 | 1 |
_iTyt. oryg.: _aElements of solid state theory. |
|
| 260 |
_aWarszawa : _bPaństwowe Wydawnictwo Naukowe, _c1962. |
||
| 300 |
_a353, [2] s. : _bil., err. ; _c20 cm. |
||
| 380 | _aKsiążki. | ||
| 388 | _a1901-2000 | ||
| 504 | _aBibliogr. przy rozdz. Indeks. | ||
| 658 | _aFizyka i astronomia | ||
| 650 | 4 | _aCiało stałe | |
| 700 | 1 |
_aMorkowski, Janusz S. _d(1930- ). _eTłumaczenie |
|
| 710 | 2 |
_aPaństwowe Wydawnictwo Naukowe _4pbl. |
|
| 856 |
_uhttp://koha.tu.koszalin.pl/cgi-bin/koha/opac-detail.pl?biblionumber=8182 _yKatalog online BPK |
||
| 942 |
_2UKD _cKS |
||
| 999 |
_c8182 _d8182 |
||